000 00434nam a2200169Ia 4500
008 210716s2007 xx 000 0 und d
020 _a978813107875
041 _aeng
082 _a658.802 SANK
100 _aSangeetha, K.
245 _aICFAI university press on marketing paradigms.
250 _a1
260 _aHyderabad
_bICFAI University Press
_c2007
300 _avi,253
650 _aMarketing
700 _aSangeetha, K.
999 _c202445
_d202445